| 000 | 00359nam a22001457a 4500 | ||
|---|---|---|---|
| 003 | SGT | ||
| 020 | _a97815-43344-77-6 | ||
| 082 |
_a615.854 _bSIN |
||
| 100 | _aSINGH, DR. RAMNDEEP | ||
| 245 | _aDICTARY SUPPLEMENTS & NUTRACEUTICALS | ||
| 260 |
_aINDIA _bPEE VEE PUB. _c2021 |
||
| 300 | _a172 | ||
| 650 | _aSUPPLEMENTS AND NUTRACEUTICALS | ||
| 942 |
_2ddc _cBK |
||
| 999 |
_c32483 _d32483 |
||